|
|
|
|
| LEADER |
00000nas a22000001a 4500 |
| 001 |
vtls010299158 |
| 003 |
SK-MaSNL |
| 005 |
20260228163130.0 |
| 008 |
110809d19221923xo dr n r 0 b0hun |
| 015 |
|
|
|a SNBDS17XX9999
|
| 015 |
|
|
|a 1278
|2 Kipsová 1919-38
|
| 038 |
|
|
|a SNKBUDS
|
| 040 |
|
|
|a SNK
|b slo
|c SNK
|e AACR2
|
| 041 |
0 |
|
|a hun
|
| 044 |
|
|
|a xo
|c SK
|
| 245 |
0 |
0 |
|a Magyar Hirlap
|b Politikai napilap
|
| 260 |
|
|
|a Košice
|b Artigrafia könyvnyomda
|c 1922-1923
|
| 300 |
|
|
|a 2 roč.
|c 48 x 32 cm
|
| 310 |
|
|
|a Denne
|
| 362 |
0 |
|
|a Roč. I, č. 1 (28.2.1922)-roč. II, č. 234 (14.10.1923)
|
| 500 |
|
|
|a Vych. v Košiciach [denne] vo formáte 48 x 32 cm; od 26/[II] (2. febr. 1923) 42 x 29 cm
|
| 500 |
|
|
|a Zodp. red. Elek Rácz
|
| 500 |
|
|
|a Vyd. Artigrafia könyvnyomda
|
| 500 |
|
|
|a Tlač. Artigrafia könyvnyomda
|
| 500 |
|
|
|a Vychádzal od 28. febr. 1922 do 14. okt. 1923
|
| 505 |
8 |
0 |
|g Roč. I. 1922 261 čís. po 6-14 s.
|
| 505 |
8 |
0 |
|g Roč. [II.] 1923 234 čís. po 4-8 s.
|
| 520 |
|
|
|a Politický, spoločenský denník
|
| 700 |
1 |
|
|a Rácz, Elék
|4 pbd
|9 269840
|
| 710 |
2 |
|
|a Artigrafia (Košice)
|e tlač.
|9 271571
|
| 852 |
|
|
|a SNK
|b 10000
|h ČSA 496
|
| 852 |
|
|
|a UKB
|b 300000
|h 21 AA 132
|
| 852 |
|
|
|a PANKP
|b 5000000
|h 52 A 294
|
| 999 |
|
|
|c 8915
|d 10845
|